000
00432nam a2200145Ia 4500
008
090122s9999 xx 000 0 und d
082
_b
10155
100
_a
जावडेकर
_b
सुबोध
245
_a
कृरूक्षेत्र
600
_a
जावडेकर
630
_a
कृरूक्षेत्र
700
_a
जावडेकर
730
_a
कृरूक्षेत्र
942
_c
BOOK
999
_c
34232
_d
34232